| 000 | 00615nam a22002175i 4500 | ||
|---|---|---|---|
| 999 |
_c12395 _d12395 |
||
| 003 | OSt | ||
| 005 | 20240116105136.0 | ||
| 008 | 220813s2022 mau 000 0 eng | ||
| 010 | _a 2022944666 | ||
| 020 |
_a9783035620948 _q(hardcover) |
||
| 020 |
_z9783035621006 _q(pdf) |
||
| 040 |
_aDLC _beng _erda _cDLC |
||
| 042 | _apcc | ||
| 100 | 1 |
_aCurnier, Sonia, _eauthor. |
|
| 245 | 1 | 0 |
_aUniversal singular : _bpublic space design in the early 21st century / _cSonia Curnier. |
| 263 | _a2211 | ||
| 300 | _apages cm | ||
| 906 |
_a0 _bibc _corignew _d2 _eepcn _f20 _gy-gencatlg |
||
| 942 | _2ddc | ||